| 000 | 00857nam a22002777a 4500 | ||
|---|---|---|---|
| 003 | CHAP | ||
| 005 | 20220329135802.0 | ||
| 008 | 971013s1988 r 00010 d | ||
| 010 | _a42091 | ||
| 011 | _a43063 | ||
| 035 | _a47193 | ||
| 040 | _cCHAP | ||
| 090 | _aFolleto 14486 | ||
| 100 | 0 | 0 |
_aManrique, Luis A. _970544 |
| 245 |
_aLand erodibility assessment methodology _b: LEAM, using soil survey data based on soil taxonomy |
||
| 260 |
_aHonolulu, Hawaii : _bShop, _c1988 |
||
| 300 | _a28 p. | ||
| 590 |
_aBATCH-UPD _b10 _c20130110 _lUCH01 _h2139 |
||
| 590 |
_aBATCH-UPD _b10 _c20130410 _lUCH01 _h1447 |
||
| 590 |
_aBATCH-UPD _b10 _c20130914 _lUCH01 _h1316 |
||
| 590 |
_aCONVERSION _b10 _c20130109 _lUCH01 _h1323 |
||
| 650 | 1 | 4 |
_aErosión. _937335 |
| 901 | _aBK | ||
| 942 | _cFOLL | ||
| 949 |
_aFolleto 14486 _bBC _cFOLL _d-107312 _eTS1 _gI.c/e _i47193 _si _t52.92 |
||
| 999 |
_c42091 _d42091 |
||